| 000 | 00497nam a2200205Ia 4500 | ||
|---|---|---|---|
| 003 | OSt | ||
| 005 | 20250813090728.0 | ||
| 008 | 210210b2005 xxu||||| |||| 00| 0 eng d | ||
| 040 | _cAL | ||
| 041 | _aeng | ||
| 082 | _a657.42 ADIC | ||
| 100 |
_aAdiga K S _941155 |
||
| 245 | _aCost and management accounting Vol 2 | ||
| 260 |
_aUdupi _bShubha Prakashana _c2005 |
||
| 300 | _a39220d-mmm | ||
| 440 |
_aVol 2 _941156 |
||
| 690 |
_aCost Accounting _941157 |
||
| 906 | _a060053 | ||
| 942 |
_2ddc _cBK |
||
| 999 |
_c106945 _d106945 |
||